Chemical engineering kinetics (Record no. 6589)

000 -LEADER
fixed length control field 00510nam a2200193 4500
001 - CONTROL NUMBER
control field 6589
003 - CONTROL NUMBER IDENTIFIER
control field BD-DhUET
008 - FIXED-LENGTH DATA ELEMENTS--GENERAL INFORMATION
fixed length control field 700825s1970 nyua b 001 0 eng
040 ## - CATALOGING SOURCE
Transcribing agency 0
Modifying agency BD-DhUET
Original cataloging agency DLC
082 00 - DEWEY DECIMAL CLASSIFICATION NUMBER
Classification number 541.39
Item number SMI/1970
100 ## - MAIN ENTRY--PERSONAL NAME
Personal name Smith, J. M.
245 10 - TITLE STATEMENT
Title Chemical engineering kinetics
250 ## - EDITION STATEMENT
Edition statement 2nd ed.
260 ## - PUBLICATION, DISTRIBUTION, ETC. (IMPRINT)
Place of publication, distribution, etc. New York
Name of publisher, distributor, etc. McGraw-Hill
Date of publication, distribution, etc. 1970
300 ## - PHYSICAL DESCRIPTION
Extent xviii, 612p.
Other physical details ill.
490 0# - SERIES STATEMENT
Series statement McGraw-Hill chemical engineering series
650 #0 - SUBJECT ADDED ENTRY--TOPICAL TERM
Topical term or geographic name as entry element Kinetics : Physical chemistry
942 ## - ADDED ENTRY ELEMENTS (KOHA)
Koha item type General Book
Holdings
Koha full call number Koha item type Lost status Sublocation or collection (holding branch) Location (home branch) Date acquired Not for loan Copy number Piece designation (barcode) Source of classification or shelving scheme Damaged status Koha normalized classification for sorting Withdrawn status Price effective from Shelving location Koha date last seen
541.39/SMI/1970General Book Central Library, BUETCentral Library, BUET2014-12-04 184576  541_390000000000000_SMI_1970 2014-12-04Circulation section2014-12-04
541.39/SMI/1970General Book Central Library, BUETCentral Library, BUET2014-12-12 229865  541_390000000000000_SMI_1970 2014-12-12Circulation section2014-12-12
541.39/SMI/1970General Book Central Library, BUETCentral Library, BUET2014-12-12 329867  541_390000000000000_SMI_1970 2014-12-12Circulation section2014-12-12
541.39/SMI/1970General Book Central Library, BUETCentral Library, BUET2014-12-12 429863  541_390000000000000_SMI_1970 2014-12-12Circulation section2014-12-12
541.39/SMI/1970General Book Central Library, BUETCentral Library, BUET2015-03-11 529871  541_390000000000000_SMI_1970 2015-03-11Circulation section2015-03-11
541.39/SMI/1970General Book Central Library, BUETCentral Library, BUET2015-03-14 629868  541_390000000000000_SMI_1970 2015-03-14Circulation section2015-03-14
541.39/SMI/1970General Book Central Library, BUETCentral Library, BUET2015-03-14 737045  541_390000000000000_SMI_1970 2015-03-14Circulation section2015-03-14
541.39/SMI/1970General Book Central Library, BUETCentral Library, BUET2015-04-23 829869  541_390000000000000_SMI_1970 2015-04-23Circulation section2015-04-23
541.39/SMI/1970General Book Central Library, BUETCentral Library, BUET2015-04-23 929859  541_390000000000000_SMI_1970 2015-04-23Circulation section2015-04-23
541.39/SMI/1970General Book Central Library, BUETCentral Library, BUET2015-04-26 1029870  541_390000000000000_SMI_1970 2015-04-26Circulation section2015-04-26
541.39/SMI/1970General Book Central Library, BUETCentral Library, BUET2015-04-26 1129861  541_390000000000000_SMI_1970 2015-04-26Circulation section2015-04-26
541.39/SMI/1970General Book Central Library, BUETCentral Library, BUET2015-04-27 1225967  541_390000000000000_SMI_1970 2015-04-27Circulation section2015-04-27
541.39/SMI/1970General Book Central Library, BUETCentral Library, BUET2015-04-27 1329860  541_390000000000000_SMI_1970 2015-04-27Circulation section2015-04-27
541.39/SMI/1970Reading Item Central Library, BUETCentral Library, BUET2015-06-08 1429862  541_390000000000000_SMI_1970 2015-06-08Reading section2015-06-08
541.39/SMI/1970Reading Item Central Library, BUETCentral Library, BUET2015-06-08 1529866  541_390000000000000_SMI_1970 2015-06-08Reading section2015-06-08
541.39/SMI/1970Reading Item Central Library, BUETCentral Library, BUET2015-06-08 1629872  541_390000000000000_SMI_1970 2015-06-08Reading section2015-06-08
541.39/SMI/1970Reading Item Central Library, BUETCentral Library, BUET2015-06-08 1729864  541_390000000000000_SMI_1970 2015-06-08Reading section2015-06-08